|
|
|
|
| LEADER |
00000nam a2200000 a 4500 |
| 001 |
vtls001344561 |
| 003 |
SK-MaSNL |
| 005 |
20260301160520.0 |
| 008 |
251124s1997 DE 0 ger |
| 020 |
|
|
|a 3933159024
|c [356,00]
|
| 035 |
|
|
|a SNK000297756
|
| 040 |
|
|
|a SNK
|b slo
|c SNK
|e AACR2
|
| 044 |
|
|
|a DE
|
| 080 |
|
|
|a 82-821
|2 1981
|
| 245 |
1 |
|
|a Literatur + Diktatur
|b internationales Autorencolloquium Kunst + Freiheit, Literatur + Diktatur 14.-16. November 1997 an der Friedrich-Schiller-Universität Jena
|c Edwin Kratschmer [hrsg.]
|
| 260 |
|
|
|a Jena
|b Collegium Europaeum Jenense [etc.]
|c 1997
|
| 300 |
|
|
|a 309 s.
|c 21 cm
|
| 650 |
0 |
7 |
|a literárna tvorba
|x diktatúra politická
|x sloboda
|x vplyvy
|x zborníky
|2 SNK
|9 522182
|
| 650 |
0 |
7 |
|a umenie
|x diktatúra politická
|x sloboda
|x vplyvy
|x zborníky
|2 SNK
|9 522183
|
| 700 |
1 |
|
|a Kratschmer, Edwin
|4 zos
|9 522184
|
| 919 |
|
|
|a 3-933159-02-4
|
| 999 |
|
|
|c 805821
|d 807751
|
| 952 |
|
|
|t P60, <04>, [BOOK], {604}
|a SNK
|b SNK
|y VYP
|7 0
|p 17A0165234
|o snkIC 127553
|i snkV 1313/98
|0 0
|1 0
|4 0
|d 1998-10-21
|l 0
|r 2005-01-02 00:00:00
|w 2026-02-24
|